Normal view
MARC view
Entry Personal Name
001 - CONTROL NUMBER
- control field: 1041
003 - CONTROL NUMBER IDENTIFIER
- control field: PK-NaQUE
005 - DATE AND TIME OF LATEST TRANSACTION
- control field: 20260629135740.0
008 - FIXED-LENGTH DATA ELEMENTS
- fixed length control field: 260629|| aca||aabn | a|a d
040 ## - CATALOGING SOURCE
- Original cataloging agency: PK-NaQUE
- Transcribing agency: PK-NaQUE
100 ## - HEADING--PERSONAL NAME
- Personal name: Sajad Hussain Shaheen
- Personal name: 21-MEEE-04
- Personal name: Supervisor - Prof.Dr. Abdul Qayoom Jakhrani
670 ## - SOURCE DATA FOUND
- Source citation: Work cat.: (PK-NaQUE)69096: Sajad Hussain Shaheen 21-MEEE-04 Supervisor - Prof.Dr. Abdul Qayoom Jakhrani , Reduction of Total Dissolvel Solids from Brackish Ground Water Using Natural Adsorbents (Thesis ME), 2025